[Event "The path to mastery - Masters"]
[Site "Chernivtsi"]
[Date "2025.11.23"]
[Round "4.2"]
[White "Shevchenko, Yaroslav"]
[Black "Pankiv, Maksym"]
[Result "1-0"]
[WhiteElo "2070"]
[BlackElo "2066"]
[PlyCount "97"]
[EventDate "2025.??.??"]

1. d4 Nf6 2. c4 e6 3. g3 d5 4. Nf3 Be7 5. Bg2 O-O 6. O-O Nbd7 7. Qc2 a5 8. Rd1
dxc4 9. Nfd2 Nd5 10. Nxc4 b5 11. Ne3 N7f6 12. Nxd5 Nxd5 13. e4 Nb4 14. Qe2 e5
15. dxe5 Qe8 16. Nc3 c6 17. Be3 Be6 18. Nd5 Rc8 19. Nxe7+ Qxe7 20. b3 Rfd8 21.
Rxd8+ Rxd8 22. Bb6 Ra8 23. Rc1 Qd7 24. Rd1 Qe7 25. Qd2 h6 26. f4 Bg4 27. Rc1
Qb7 28. Bc5 Na6 29. Bd6 Qb6+ 30. Kh1 Bd7 31. f5 c5 32. e6 fxe6 33. f6 gxf6 34.
Qxh6 Qxd6 35. Qg6+ Kh8 36. Qxf6+ Kg8 37. Qg5+ Kh8 38. e5 Qf8 39. Rf1 Qg7 40.
Qxg7+ Kxg7 41. Bxa8 c4 42. bxc4 bxc4 43. Rc1 Bb5 44. a4 Bxa4 45. Rxc4 Bb5 46.
Rc1 a4 47. Bc6 Bxc6+ 48. Rxc6 Nb4 49. Rc4 1-0

[Event "The path to mastery - Masters"]
[Site "Chernivtsi"]
[Date "2025.11.23"]
[Round "4.3"]
[White "Nechaev, Andrei"]
[Black "Zhukovskyi, Myhaylo"]
[Result "0-1"]
[WhiteElo "2286"]
[BlackElo "2181"]
[PlyCount "58"]
[EventDate "2025.??.??"]

1. d4 Nf6 2. c4 e6 3. Nf3 d5 4. Nc3 Bb4 5. Bg5 h6 6. Bh4 g5 7. Bg3 Ne4 8. Rc1
Nd7 9. e3 O-O 10. Bd3 Nxg3 11. hxg3 Kg7 12. Qe2 f5 13. O-O c6 14. a3 Bd6 15. b4
Qf6 16. c5 Bc7 17. b5 e5 18. bxc6 bxc6 19. dxe5 Nxe5 20. Nxe5 Bxe5 21. Qc2 f4
22. exf4 gxf4 23. gxf4 Qxf4 24. g3 Qg5 25. Ne2 Rf3 26. Kg2 Bg4 27. Ng1 Raf8 28.
Be2 Bh3+ 29. Nxh3 Rxg3+ 0-1

[Event "The path to mastery - Masters"]
[Site "Chernivtsi"]
[Date "2025.11.23"]
[Round "4.4"]
[White "Fingerov, Dmitry"]
[Black "Shykyravyi, Denys"]
[Result "1/2-1/2"]
[WhiteElo "2199"]
[BlackElo "1932"]
[PlyCount "61"]
[EventDate "2025.??.??"]

1. e4 c5 2. c3 d5 3. exd5 Qxd5 4. d4 cxd4 5. cxd4 Nc6 6. Nf3 e5 7. Nc3 Bb4 8.
Bd2 Bxc3 9. Bxc3 e4 10. Ne5 Nxe5 11. dxe5 Ne7 12. Qa4+ Bd7 13. Qa3 Qe6 14. Rd1
O-O 15. Qd6 Rfd8 16. Bc4 Qxc4 17. Qxe7 Qe6 18. Bb4 Qb6 19. O-O Re8 20. Qc5 Qxc5
21. Bxc5 Bb5 22. Rfe1 Rxe5 23. Bd4 Re6 24. f3 exf3 25. Rxe6 fxe6 26. gxf3 Rd8
27. Rd2 e5 28. Bc3 Rxd2 29. Bxd2 Kf7 30. Bc3 Ke6 31. f4 1/2-1/2

[Event "The path to mastery - Masters"]
[Site "Chernivtsi"]
[Date "2025.11.23"]
[Round "4.5"]
[White "Sukhov, Andrey"]
[Black "Voitychuk, Orest"]
[Result "0-1"]
[WhiteElo "2059"]
[BlackElo "2061"]
[Annotator "Prohorov,Olexandr"]
[PlyCount "156"]
[EventDate "2025.??.??"]

1. e4 b6 2. d4 Bb7 3. Bd3 e6 4. Ne2 c5 5. c3 d6 6. O-O Nf6 7. Bg5 Be7 8. Nd2
O-O 9. Rc1 Nc6 10. h3 Rc8 11. f4 cxd4 12. cxd4 Nb4 13. Rxc8 Qxc8 14. Bb1 Re8
15. a3 Na6 16. Nc3 h6 17. Bxf6 Bxf6 18. e5 Be7 19. Nde4 Qd8 20. Qd3 g6 21. g4
Rf8 22. Kh2 Nc7 23. f5 dxe5 24. fxg6 f5 25. gxf5 exf5 26. g7 Kxg7 27. Qg3+ Kh7
28. Qxe5 Bc8 29. Rg1 Bf6 30. Nxf6+ Rxf6 31. Qg3 Qd6 32. Qxd6 Rxd6 33. Ne2 Nb5
34. Rc1 Be6 35. Nf4 Nxd4 36. Nxe6 Rxe6 37. Rc7+ Kg6 38. Rd7 Nc6 39. Rd5 Ne7 40.
Rd2 Kf6 41. Kg3 Ng6 42. Rd7 Re3+ 43. Kf2 Rxh3 44. Rd6+ Kg5 45. Rd5 Nh4 46. Rd7
Rh2+ 47. Ke3 Rxb2 48. Bd3 a5 49. Bc4 b5 50. Rg7+ Kf6 51. Rf7+ Kg6 52. Bd5 b4
53. Ra7 bxa3 54. Rxa5 Ng2+ 55. Kd4 Nf4 56. Bc4 Ne2+ 57. Ke3 Nc3 58. Rxa3 Nd1+
59. Kf3 Rf2+ 60. Kg3 Kg5 61. Ra5 h5 62. Be6 h4+ 63. Kh3 Rf3+ 64. Kg2 Rg3+ 65.
Kf1 Ne3+ 66. Ke2 h3 67. Ra7 h2 68. Rh7 Ng4 69. Bd5 Kf4 70. Rh4 Rg1 71. Bf3 Kg3
72. Rh5 Rg2+ 73. Bxg2 Kxg2 74. Rh4 h1=Q 75. Rxh1 Kxh1 76. Kf3 Kh2 77. Kf4 Nh6
78. Kf3 Kh3 0-1

[Event "The path to mastery - Masters"]
[Site "Chernivtsi"]
[Date "2025.11.23"]
[Round "4.6"]
[White "Rudak, Vladimir"]
[Black "Perepelytsya-Melnyk, Klim"]
[Result "1/2-1/2"]
[WhiteElo "2128"]
[BlackElo "1867"]
[Annotator "Prohorov,Olexandr"]
[PlyCount "61"]
[EventDate "2025.??.??"]

1. d4 Nf6 2. Nf3 e6 3. c3 c5 4. Bg5 h6 5. Bh4 b6 6. e3 Bb7 7. Nbd2 Be7 8. h3 g5
9. Bg3 Rg8 10. a4 d6 11. a5 Nbd7 12. Nc4 Ne4 13. Bh2 b5 14. a6 Bd5 15. Ncd2 Qb6
16. Nxe4 Bxe4 17. Bd3 Nf6 18. Bxe4 Nxe4 19. Nd2 Nxd2 20. Qxd2 d5 21. Ke2 Rc8
22. Rhc1 c4 23. Qc2 f5 24. g4 Rf8 25. b4 Bd6 26. Be5 Qc7 27. f4 Bxe5 28. fxe5
Qf7 29. Rf1 Qh7 30. Rf2 Rc7 31. Ra5 $11 1/2-1/2

[Event "The path to mastery - Masters"]
[Site "Chernivtsi"]
[Date "2025.11.23"]
[Round "4.8"]
[White "Mikhaletz, Lubomir"]
[Black "Pohoretskyi, Vitalii"]
[Result "1-0"]
[WhiteElo "2240"]
[BlackElo "1653"]
[PlyCount "81"]
[EventDate "2025.??.??"]

1. d4 d5 2. Nf3 Nf6 3. c4 c6 4. Nc3 e6 5. Bg5 dxc4 6. e4 b5 7. e5 h6 8. Bh4 g5
9. Nxg5 hxg5 10. Bxg5 Nbd7 11. g3 Bb7 12. Bg2 Qb6 13. exf6 O-O-O 14. O-O c5 15.
d5 b4 16. Na4 Qb5 17. a3 exd5 18. axb4 cxb4 19. Be3 Nc5 20. Qg4+ Kb8 21. Qd4
Nxa4 22. Qxa7+ Kc8 23. Rxa4 Kc7 24. Ra5 Qc6 25. Bf4+ Bd6 26. Bxd5 Ra8 27. Bxc6
Rxa7 28. Rxa7 Bxf4 29. Bxb7 Kb6 30. Ra4 Kb5 31. Bc6+ Kxc6 32. gxf4 Kb5 33. Ra7
Rg8+ 34. Kh1 Rg4 35. Rxf7 Ka4 36. Rc7 Rxf4 37. f7 Kb3 38. Kg2 Kxb2 39. Rxc4
Rxc4 40. f8=Q b3 41. Qf6+ 1-0

[Event "The path to mastery - Masters"]
[Site "Chernivtsi"]
[Date "2025.11.23"]
[Round "4.9"]
[White "Vinogradnik, Vladimir"]
[Black "Pivnev, Vladyslav"]
[Result "1-0"]
[WhiteElo "2036"]
[BlackElo "1797"]
[PlyCount "95"]
[EventDate "2025.??.??"]

1. e4 c5 2. Nf3 e6 3. d3 Nc6 4. g3 d5 5. Nbd2 Nf6 6. Bg2 Be7 7. O-O O-O 8. Re1
b5 9. e5 Nd7 10. Nf1 Rb8 11. h4 Qc7 12. Bf4 c4 13. d4 b4 14. Bg5 Nb6 15. Ne3 a5
16. Ng4 a4 17. Nf6+ Kh8 18. Nxh7 Kxh7 19. Bxe7 Qxe7 20. Ng5+ Kg6 21. Qg4 f5 22.
exf6 Kxf6 23. Nh7+ Kf7 24. Ng5+ Kg8 25. Qh5 g6 26. Qxg6+ Qg7 27. Rxe6 Bxe6 28.
Qxe6+ Kh8 29. Qxc6 Qf6 30. Qc7 Qxf2+ 31. Kh1 Qxc2 32. Be4 Qxe4+ 33. Nxe4 dxe4
34. Qe5+ Kg8 35. Qxe4 c3 36. bxc3 bxc3 37. h5 Rfc8 38. Qg6+ Kh8 39. Rb1 Nd5 40.
Qh6+ Kg8 41. Qg5+ Kf8 42. Rxb8 Rxb8 43. Qxd5 Rb1+ 44. Kg2 Rb2+ 45. Kf3 c2 46.
Qc4 Kg7 47. d5 Rxa2 48. d6 1-0

[Event "The path to mastery - Masters"]
[Site "Chernivtsi"]
[Date "2025.11.24"]
[Round "5.1"]
[White "Fainkihen, Efim"]
[Black "Shevchenko, Yaroslav"]
[Result "0-1"]
[WhiteElo "2001"]
[BlackElo "2070"]
[PlyCount "112"]
[EventDate "2025.??.??"]

1. d4 e6 2. c4 d5 3. Nc3 c6 4. e3 Nf6 5. Nf3 Nbd7 6. Bd3 dxc4 7. Bxc4 b5 8. Bd3
Bb7 9. O-O a6 10. e4 c5 11. d5 c4 12. Bc2 Qc7 13. dxe6 fxe6 14. Ng5 Nc5 15. e5
Qxe5 16. Re1 Qd6 17. Qxd6 Bxd6 18. Nxe6 Nxe6 19. Rxe6+ Kd7 20. Re1 Rhe8 21. Be3
Be5 22. Bb6 Kc6 23. Ba5 Bc7 24. Bxc7 Kxc7 25. f3 Rad8 26. Rxe8 Rxe8 27. Kf2 h6
28. Rd1 Re5 29. Rd4 Bc6 30. a3 Ne8 31. Rg4 Re7 32. Be4 Nd6 33. Bxc6 Kxc6 34.
Ne4 Nxe4+ 35. fxe4 a5 36. Ke3 Rd7 37. e5 Rd3+ 38. Ke4 Rd2 39. Rg6+ Kc5 40. Rxg7
Re2+ 41. Kf3 Rxe5 42. Ra7 Kb6 43. Ra8 b4 44. axb4 axb4 45. Rc8 Kb5 46. g4 Rd5
47. Ke3 Rd3+ 48. Ke4 Rd2 49. h4 Rxb2 50. g5 hxg5 51. hxg5 Rg2 52. Rb8+ Ka4 53.
Kd4 c3 54. Ra8+ Kb3 55. Ra5 c2 56. Rc5 Rxg5 0-1

[Event "The path to mastery - Masters"]
[Site "Chernivtsi"]
[Date "2025.11.24"]
[Round "5.2"]
[White "Pankiv, Maksym"]
[Black "Nechaev, Andrei"]
[Result "1-0"]
[WhiteElo "2066"]
[BlackElo "2286"]
[PlyCount "131"]
[EventDate "2025.??.??"]

1. e4 e5 2. Nf3 Nc6 3. Bb5 Bc5 4. O-O Nf6 5. Nxe5 Nxe4 6. Qe1 Nxe5 7. d4 Be7 8.
dxe5 f5 9. Nc3 Nc5 10. Bc4 Ne6 11. Nd5 O-O 12. Bd2 Kh8 13. f4 Bc5+ 14. Be3 c6
15. Bxc5 Nxc5 16. Nc3 b5 17. Qe3 Qb6 18. b4 Na6 19. Qxb6 axb6 20. Bb3 Nxb4 21.
a4 bxa4 22. Rxa4 Na6 23. Rd1 Rb8 24. Kf2 b5 25. Raa1 Re8 26. g4 Nc5 27. gxf5 d5
28. Ne2 Bxf5 29. Nd4 Bd7 30. h4 Ne6 31. Ke3 Rf8 32. Nxe6 Bxe6 33. Ra7 Rbc8 34.
Re7 Bg4 35. Rg1 h5 36. Rf1 Bf5 37. Rg1 g6 38. Ra1 d4+ 39. Kd2 Ra8 40. Rxa8 Rxa8
41. Rc7 Be4 42. Be6 Ra3 43. Bb3 Ra8 44. e6 Re8 45. Rf7 Bd5 46. Bxd5 cxd5 47. f5
gxf5 48. Rxf5 Rxe6 49. Rxh5+ Kg7 50. Rxd5 Re4 51. h5 b4 52. Kd3 Rh4 53. Rb5 Kf7
54. Kc4 Ke6 55. h6 Kf7 56. Rb7+ Kg8 57. h7+ Kh8 58. Rc7 d3+ 59. Kxd3 Rh3+ 60.
Kd4 Rh2 61. Kd3 Rh3+ 62. Kd2 Rh1 63. Rb7 Rb1 64. Ke2 Rh1 65. Rxb4 Rxh7 66. Rb8+
1-0

[Event "The path to mastery - Masters"]
[Site "Chernivtsi"]
[Date "2025.11.24"]
[Round "5.3"]
[White "Zhukovskyi, Myhaylo"]
[Black "Fingerov, Dmitry"]
[Result "1/2-1/2"]
[WhiteElo "2181"]
[BlackElo "2199"]
[Annotator "Prohorov,Olexandr"]
[PlyCount "60"]
[EventDate "2025.??.??"]

1. e4 e6 2. d4 d5 3. exd5 exd5 4. Bd3 Bd6 5. Nf3 Nf6 6. O-O O-O 7. c3 c6 8. Bg5
Bg4 9. Nbd2 Nbd7 10. Qc2 Qc7 11. Rfe1 Rfe8 12. h3 Bh5 13. Rxe8+ Rxe8 14. Re1
Rxe1+ 15. Nxe1 Bg6 16. Bxg6 hxg6 17. Qd3 Qd8 18. Qe2 Qe7 19. Kf1 Kf8 20. Nd3
Qxe2+ 21. Kxe2 Ne8 22. Bf4 f6 23. h4 Ke7 24. Nf3 Bxf4 25. Nxf4 Kf7 26. Nd3 Nf8
27. g3 Ne6 28. Nd2 Nd6 29. Nc5 Nd8 30. Nd3 Ne6 $11 1/2-1/2

[Event "The path to mastery - Masters"]
[Site "Chernivtsi"]
[Date "2025.11.24"]
[Round "5.4"]
[White "Shykyravyi, Denys"]
[Black "Sukhov, Andrey"]
[Result "1-0"]
[WhiteElo "1932"]
[BlackElo "2059"]
[PlyCount "143"]
[EventDate "2025.??.??"]

1. d4 Nf6 2. c4 e6 3. g3 d5 4. Bg2 Bb4+ 5. Nc3 O-O 6. Nf3 Ne4 7. Qc2 c5 8. O-O
Bxc3 9. bxc3 Qa5 10. Bb2 cxd4 11. cxd4 Nc6 12. Ne5 Nxe5 13. dxe5 Bd7 14. cxd5
exd5 15. Bd4 Qb4 16. Bxe4 dxe4 17. Qxe4 Bc6 18. Qg4 h5 19. Qf4 Qc4 20. e3 Rfe8
21. Qg5 Qd5 22. f3 f6 23. Qxh5 fxe5 24. Bb2 Qd2 25. Rf2 Qxe3 26. Qg4 Rad8 27.
Qc4+ Bd5 28. Qe2 Qxe2 29. Rxe2 Bxf3 30. Rxe5 Rxe5 31. Bxe5 Rd2 32. h4 Rg2+ 33.
Kf1 Rh2 34. Bd4 a6 35. a3 Rd2 36. Be5 Rh2 37. Bd4 Rd2 38. Be3 Re2 39. Bf2 Rd2
40. Be1 Rc2 41. Rb1 Kf7 42. Rb4 Bg2+ 43. Kg1 Bc6 44. g4 Ra2 45. Rf4+ Ke6 46.
Bc3 Rxa3 47. Bxg7 Rf3 48. Rd4 a5 49. h5 Kf7 50. Be5 Re3 51. Rf4+ Kg8 52. Rf5
Bd7 53. Rg5+ Kf8 54. Kg2 Bxg4 55. Bd6+ Kf7 56. Rxg4 Re6 57. Bf4 Re8 58. Kf3 Rh8
59. h6 Rh7 60. Rg2 Kf6 61. Rb2 Rd7 62. Rb6+ Kf5 63. Rb5+ Kg6 64. Rxa5 Rf7 65.
Kg4 Re7 66. Rg5+ Kh7 67. Rb5 Kg6 68. Rb6+ Kh7 69. Kg5 Rd7 70. Kf6 Kg8 71. Kg6
Rf7 72. Rd6 1-0

[Event "The path to mastery - Masters"]
[Site "Chernivtsi"]
[Date "2025.11.24"]
[Round "5.5"]
[White "Voitychuk, Orest"]
[Black "Rudak, Vladimir"]
[Result "1/2-1/2"]
[WhiteElo "2061"]
[BlackElo "2128"]
[PlyCount "137"]
[EventDate "2025.??.??"]

1. d4 d5 2. c4 c6 3. Nf3 Nf6 4. g3 Bg4 5. Bg2 e6 6. Nbd2 Be7 7. O-O O-O 8. Qc2
Nbd7 9. Rd1 b5 10. c5 a5 11. e4 dxe4 12. Nxe4 Nxe4 13. Qxe4 Bxf3 14. Qxf3 Rc8
15. a4 b4 16. Bf1 Qc7 17. Bf4 Qb7 18. Bd3 Nf6 19. Be5 Nd5 20. Qe4 g6 21. h4 Qd7
22. h5 Nf6 23. Qf3 Nxh5 24. g4 Ng7 25. Kg2 Bg5 26. Rh1 f6 27. Bd6 Rf7 28. Rxh7
Nf5 29. Rxf7 Nh4+ 30. Kf1 Kxf7 31. Qh3 Rh8 32. Re1 Kg7 33. Qg3 Bd2 34. Re2 Bc1
35. Rc2 Bh6 36. g5 fxg5 37. Be5+ Kh7 38. Bxh8 Kxh8 39. Qd6 Qf7 40. Qxc6 g4 41.
Qe4 Bf4 42. c6 Kg7 43. c7 Bxc7 44. Qb7 Bd8 45. Qxf7+ Kxf7 46. Rc5 Nf3 47. d5
Ne5 48. Be2 Ke7 49. dxe6 Kxe6 50. Kg2 Kd6 51. Rb5 Bc7 52. Kg3 Kc6 53. Kg2 g5
54. b3 Kd6 55. Bd1 Kc6 56. Bc2 Kd6 57. Be4 Ke6 58. Kf1 Kd6 59. Ke2 Ke6 60. Ke3
Kd6 61. Kd4 Ke6 62. Rb7 Bd8 63. Kc5 Nd7+ 64. Kb5 Kd6 65. Ra7 Nc5 66. Bc2 Ne6
67. Ra6+ Kd5 68. Be4+ Ke5 69. Rxe6+ 1/2-1/2

[Event "The path to mastery - Masters"]
[Site "Chernivtsi"]
[Date "2025.11.24"]
[Round "5.7"]
[White "Reshetov, Volodymyr"]
[Black "Mikhaletz, Lubomir"]
[Result "0-1"]
[WhiteElo "1851"]
[BlackElo "2240"]
[PlyCount "72"]
[EventDate "2025.??.??"]

1. e4 c5 2. d4 cxd4 3. Qxd4 Nc6 4. Qd3 g6 5. Nc3 Bg7 6. Nf3 Nf6 7. Be2 O-O 8.
O-O d6 9. Nd5 Nd7 10. c3 Nc5 11. Qc2 Bg4 12. Bg5 Rc8 13. Rfd1 f5 14. h3 Bxf3
15. Bxf3 h6 16. Be3 Ne5 17. Bxc5 Rxc5 18. Nf4 Qc8 19. Qb3+ Rf7 20. Ne6 Nxf3+
21. gxf3 Re5 22. exf5 Rexf5 23. Rd3 Kh7 24. f4 g5 25. fxg5 Be5 26. Rf1 d5 27.
Nd4 Rxg5+ 28. Kh1 Rh5 29. Qxd5 Rxh3+ 30. Kg1 Qg4+ 31. Rg3 Rxg3+ 32. fxg3 Qxg3+
33. Qg2 Bxd4+ 34. cxd4 Qxg2+ 35. Kxg2 Rxf1 36. Kxf1 Kg6 0-1

[Event "The path to mastery - Masters"]
[Site "Chernivtsi"]
[Date "2025.11.24"]
[Round "5.8"]
[White "Pohoretskyi, Vitalii"]
[Black "Vinogradnik, Vladimir"]
[Result "0-1"]
[WhiteElo "1653"]
[BlackElo "2036"]
[PlyCount "100"]
[EventDate "2025.??.??"]

1. e4 Nc6 2. d4 d5 3. exd5 Qxd5 4. Be3 e5 5. dxe5 Qxd1+ 6. Kxd1 Nxe5 7. h3 Bf5
8. Nd2 O-O-O 9. f4 Nc6 10. g4 Be4 11. Rh2 Nf6 12. Kc1 Bd6 13. g5 Nd5 14. Nxe4
Nxe3 15. Nxd6+ Rxd6 16. Bd3 Nb4 17. b3 Rhd8 18. Nf3 Nxd3+ 19. cxd3 Rxd3 20. Ne5
Rd1+ 21. Kb2 R8d2+ 22. Rxd2 Rxd2+ 23. Kc3 Rh2 24. Nxf7 Rxh3 25. Kd3 Ng2+ 26.
Ke4 Re3+ 27. Kf5 Rf3 28. Rd1 Ne3+ 29. Ke4 Rxf4+ 30. Kxe3 Rxf7 31. Ke4 Rf2 32.
a4 h6 33. Ke5 hxg5 34. Rg1 Rf3 35. b4 g6 36. Ke6 Rf5 37. Rh1 b6 38. Rh6 Rf4 39.
a5 bxa5 40. bxa5 Ra4 41. Rxg6 Rxa5 42. Rg7 Rc5 43. Rh7 a5 44. Rh1 a4 45. Ra1
Ra5 46. Ra3 g4 47. Kf6 Kb7 48. Ke6 Kb6 49. Kf6 Kb5 50. Ke5 Kb4+ 0-1

[Event "The path to mastery - Masters"]
[Site "Chernivtsi"]
[Date "2025.11.24"]
[Round "5.9"]
[White "Pivnev, Vladyslav"]
[Black "Kislinsky, Alexey"]
[Result "0-1"]
[WhiteElo "1797"]
[BlackElo "2325"]
[PlyCount "60"]
[EventDate "2025.??.??"]

1. d4 Nf6 2. c4 g6 3. Nc3 Bg7 4. e4 d6 5. Nf3 O-O 6. Be2 c5 7. O-O cxd4 8. Nxd4
Nc6 9. Be3 Bd7 10. Rc1 Nxd4 11. Bxd4 Bh6 12. Rc2 e5 13. Be3 Bxe3 14. fxe3 Bc6
15. Bd3 a5 16. Rcf2 Nd7 17. c5 Nxc5 18. Bc4 Nxe4 19. Nxe4 Bxe4 20. Bxf7+ Kh8
21. h4 d5 22. h5 Qg5 23. Qe2 gxh5 24. Bxh5 Rxf2 25. Rxf2 Rc8 26. Bf3 Rc1+ 27.
Rf1 Rc2 28. Qb5 Rxg2+ 29. Kh1 Rg1+ 30. Rxg1 Bxf3+ 0-1

[Event "The path to mastery - Masters"]
[Site "Chernivtsi"]
[Date "2025.11.24"]
[Round "6.1"]
[White "Nechaev, Andrei"]
[Black "Fainkihen, Efim"]
[Result "1/2-1/2"]
[WhiteElo "2286"]
[BlackElo "2001"]
[PlyCount "74"]
[EventDate "2025.??.??"]

1. d4 Nf6 2. c4 c5 3. d5 d6 4. Nc3 g6 5. e4 Bg7 6. Bd3 O-O 7. h3 e6 8. Nf3 exd5
9. exd5 Re8+ 10. Be3 Rxe3+ 11. fxe3 Qe7 12. O-O Nbd7 13. Qd2 Nh5 14. Qf2 Ne5
15. Be2 Nxf3+ 16. Bxf3 Nf6 17. Rae1 Nd7 18. Bg4 f5 19. Be2 Bh6 20. Bd3 Ne5 21.
Qd2 Bd7 22. b3 Re8 23. Bc2 Bg5 24. Qf2 a6 25. a4 Qg7 26. Qd2 Qh6 27. Rf4 Nf7
28. Ref1 Qg7 29. a5 Bxf4 30. exf4 Qd4+ 31. Qxd4 cxd4 32. Nd1 Re2 33. Rf2 Re1+
34. Rf1 Re2 35. Rf2 Re1+ 36. Rf1 Re2 37. Rf2 Re1+ 1/2-1/2

[Event "The path to mastery - Masters"]
[Site "Chernivtsi"]
[Date "2025.11.24"]
[Round "6.2"]
[White "Fingerov, Dmitry"]
[Black "Pankiv, Maksym"]
[Result "1/2-1/2"]
[WhiteElo "2199"]
[BlackElo "2066"]
[PlyCount "61"]
[EventDate "2025.??.??"]

1. e4 c5 2. c3 Nf6 3. e5 Nd5 4. d4 cxd4 5. Nf3 Nc6 6. cxd4 d6 7. Bc4 Nb6 8. Bb5
dxe5 9. Nxe5 Bd7 10. Nc3 Nxe5 11. dxe5 e6 12. Be3 Bxb5 13. Qxd8+ Rxd8 14. Nxb5
Bb4+ 15. Ke2 Nc4 16. a3 Nxe3 17. axb4 Nc4 18. Rhc1 Nxe5 19. Rxa7 O-O 20. Rxb7
Nd3 21. Rc4 Nxb2 22. Rd4 h6 23. Rxd8 Rxd8 24. Na7 Nc4 25. Nc6 Rd2+ 26. Ke1 Rb2
27. b5 Kh7 28. Nd8 Nd6 29. Rb6 Rb1+ 30. Ke2 Rb2+ 31. Ke1 $11 1/2-1/2

[Event "The path to mastery - Masters"]
[Site "Chernivtsi"]
[Date "2025.11.24"]
[Round "6.3"]
[White "Sukhov, Andrey"]
[Black "Zhukovskyi, Myhaylo"]
[Result "1/2-1/2"]
[WhiteElo "2059"]
[BlackElo "2181"]
[Annotator "Prohorov,Olexandr"]
[PlyCount "79"]
[EventDate "2025.??.??"]

1. e4 c5 2. Nf3 g6 3. d4 cxd4 4. Qxd4 Nf6 5. e5 Nc6 6. Qf4 Nd5 7. Qg3 Bg7 8.
Bc4 Nc7 9. Nc3 Ne6 10. h4 Qa5 11. Bxe6 dxe6 12. Bf4 b5 13. O-O Bb7 14. h5 b4
15. Ne2 O-O-O 16. h6 Bf8 17. Ng5 Bxh6 18. Nxf7 Bxf4 19. Nxf4 Rdf8 20. Nxh8 Qxe5
21. Nhxg6 hxg6 22. Nxg6 Qxg3 23. fxg3 Rf5 24. Rae1 Rg5 25. Rxe6 Kd7 26. Nf4
Rxg3 27. Kh2 Rg7 28. Rg6 Rh7+ 29. Kg1 Ne5 30. Rg3 Nc4 31. Rd1+ Nd6 32. Nd5 a5
33. c3 bxc3 34. Nxc3 Bc6 35. b4 axb4 36. Nd5 Bxd5 37. Rxd5 Kc6 38. Rd2 Ne4 39.
Rdd3 $2 Nxg3 40. Rxg3 $11 1/2-1/2

[Event "The path to mastery - Masters"]
[Site "Chernivtsi"]
[Date "2025.11.24"]
[Round "6.4"]
[White "Rudak, Vladimir"]
[Black "Shykyravyi, Denys"]
[Result "0-1"]
[WhiteElo "2128"]
[BlackElo "1932"]
[PlyCount "78"]
[EventDate "2025.??.??"]

1. d4 Nf6 2. Nf3 c5 3. c3 d5 4. a3 Nbd7 5. b4 b6 6. Bf4 g6 7. e3 Bg7 8. Be2 O-O
9. Nbd2 Re8 10. Ne5 Nxe5 11. Bxe5 Nd7 12. Bxg7 Kxg7 13. Nf3 a5 14. dxc5 Bb7 15.
cxb6 Nxb6 16. O-O e5 17. Nd2 Qg5 18. Bf3 Red8 19. Qc2 axb4 20. axb4 Ba6 21.
Rfb1 e4 22. Nxe4 dxe4 23. Bxe4 Qe7 24. Bxa8 Bd3 25. Qc1 Bxb1 26. Rxb1 Rxa8 27.
c4 Qf6 28. h3 Ra2 29. f4 Na4 30. Qf1 Qc3 31. Qf3 Qxc4 32. f5 Qa6 33. b5 Qf6 34.
fxg6 Qxg6 35. Rb4 Ra1+ 36. Kh2 Qd6+ 37. Rf4 Nb6 38. Qg3+ Kh8 39. Rxf7 Rh1+ 0-1

[Event "The path to mastery - Masters"]
[Site "Chernivtsi"]
[Date "2025.11.24"]
[Round "6.6"]
[White "Mikhaletz, Lubomir"]
[Black "Perepelytsya-Melnyk, Klim"]
[Result "1/2-1/2"]
[WhiteElo "2240"]
[BlackElo "1867"]
[Annotator "Prohorov,Olexandr"]
[PlyCount "134"]
[EventDate "2025.??.??"]

1. d4 Nf6 2. Bg5 e6 3. e3 h6 4. Bh4 c5 5. c3 b6 6. Nd2 Bb7 7. Ngf3 Be7 8. Bd3
Nc6 9. Qe2 cxd4 10. exd4 Nh5 11. Bg3 Nxg3 12. hxg3 d6 13. O-O-O Qc7 14. Kb1
O-O-O 15. d5 exd5 16. Nb3 Bf6 17. Ba6 Rhe8 18. Qd3 Ne5 19. Bxb7+ Qxb7 20. Qxd5
Qxd5 21. Rxd5 Nxf3 22. gxf3 Re2 23. Rf1 Kc7 24. Nc1 Re5 25. Rd2 Rde8 26. Rfd1
Be7 27. Nd3 Rd5 28. Re1 Kd8 29. Kc2 Bg5 30. Rxe8+ Kxe8 31. f4 Bf6 32. Re2+ Kd7
33. g4 h5 34. f3 g6 35. b4 b5 36. a3 a6 37. Rh2 Ke8 38. Rh1 Bd8 39. Kd2 Bb6 40.
Ke2 Kd7 41. Ra1 Kc6 42. Rh1 Kd7 43. Rd1 Kc7 44. Rh1 Kd7 45. Rc1 Kc7 46. Ra1 Kc6
47. a4 bxa4 48. Rxa4 hxg4 49. fxg4 g5 50. Rxa6 Kb7 51. Ra1 f5 52. gxf5 Rxf5 53.
Kf3 gxf4 54. Nxf4 d5 55. Kg4 Re5 56. Rh1 Be3 57. Rh7+ Kb6 58. Ng6 Re4+ 59. Kf5
Bd2 60. Ne7 Rc4 61. Nxd5+ Kc6 62. Rh2 Bxc3 63. Ne3 Rxb4 64. Rc2 Rb5+ 65. Ke4
Rc5 66. Nd1 Ba5 67. Rxc5+ Kxc5 $11 1/2-1/2

[Event "The path to mastery - Masters"]
[Site "Chernivtsi"]
[Date "2025.11.24"]
[Round "6.7"]
[White "Vinogradnik, Vladimir"]
[Black "Reshetov, Volodymyr"]
[Result "1-0"]
[WhiteElo "2036"]
[BlackElo "1851"]
[PlyCount "119"]
[EventDate "2025.??.??"]

1. e4 c5 2. Nf3 e6 3. d3 a6 4. g3 b5 5. Bg2 Bb7 6. O-O d6 7. a4 Nd7 8. Re1 Ngf6
9. Nbd2 Qb6 10. c3 Ne5 11. Qe2 Rc8 12. axb5 axb5 13. Nxe5 dxe5 14. Nf3 Bd6 15.
Bg5 Nd7 16. Red1 Qc6 17. d4 exd4 18. cxd4 Qxe4 19. Qxb5 Bc6 20. Qf1 Qf5 21.
dxc5 Bxc5 22. Nh4 Bxg2 23. Nxf5 Bxf1 24. Nxg7+ Kf8 25. Kxf1 h6 26. Bh4 Kxg7 27.
Rxd7 Kg6 28. Rc1 Bb6 29. Rdd1 Bc5 30. Rc2 Bb4 31. Rdc1 Rxc2 32. Rxc2 f6 33. Rc4
Rb8 34. Rc6 Kf5 35. h3 h5 36. f3 Bf8 37. g4+ hxg4 38. fxg4+ Ke5 39. Bg3+ Kd5
40. Rxe6 Rb3 41. Rxf6 Rxg3 42. Rxf8 Rxh3 43. Rf2 Rg3 44. Rg2 Rf3+ 45. Ke1 Rb3
46. g5 Rb7 47. g6 Rg7 48. Kd2 Ke6 49. b4 Kf6 50. b5 Ke6 51. Kc3 Kd6 52. Kd4 Kd7
53. Kd5 Ke7 54. Ke5 Ke8 55. Kf6 Kf8 56. Rc2 Rf7+ 57. Kg5 Rb7 58. Kh6 Rxb5 59.
g7+ Kf7 60. Rf2+ 1-0

[Event "The path to mastery - Masters"]
[Site "Chernivtsi"]
[Date "2025.11.24"]
[Round "6.8"]
[White "Kislinsky, Alexey"]
[Black "Pohoretskyi, Vitalii"]
[Result "1-0"]
[WhiteElo "2325"]
[BlackElo "1653"]
[PlyCount "63"]
[EventDate "2025.??.??"]

1. e4 c5 2. Nf3 e6 3. c3 d5 4. e5 Nc6 5. d4 Qb6 6. Be2 Nh6 7. Bxh6 gxh6 8. Qd2
Bd7 9. O-O Rg8 10. Na3 O-O-O 11. dxc5 Bxc5 12. b4 Be7 13. Nb5 a6 14. Nbd4 f6
15. b5 Nxd4 16. cxd4 a5 17. exf6 Bb4 18. Qxh6 Rg6 19. Qf4 Bd6 20. Ne5 Kb8 21.
f7 Ka7 22. Bh5 Rg7 23. Qf6 Bf8 24. a4 Bc8 25. Rac1 Ka8 26. Rc3 h6 27. Rfc1 Kb8
28. Rxc8+ Rxc8 29. Nd7+ Ka7 30. Rxc8 Qd6 31. b6+ Ka6 32. Ra8# 1-0

[Event "The path to mastery - Masters"]
[Site "Chernivtsi"]
[Date "2025.11.24"]
[Round "6.9"]
[White "Shevchenko, Yaroslav"]
[Black "Pivnev, Vladyslav"]
[Result "1-0"]
[WhiteElo "2070"]
[BlackElo "1797"]
[PlyCount "95"]
[EventDate "2025.??.??"]

1. d4 Nf6 2. c4 e6 3. g3 d5 4. Nf3 dxc4 5. Bg2 Bb4+ 6. Bd2 a5 7. Qc2 Bxd2+ 8.
Qxd2 O-O 9. Na3 b6 10. Ne5 Nd5 11. Naxc4 Bb7 12. O-O Qe7 13. Rac1 Rd8 14. Rfd1
Na6 15. a3 Rac8 16. e3 Nb8 17. h4 Nd7 18. Nxd7 Qxd7 19. Ne5 Qd6 20. e4 Nf6 21.
Nxf7 Kxf7 22. e5 Qd7 23. Bxb7 Nd5 24. Bxc8 Rxc8 25. Qd3 Kg8 26. f4 Rf8 27. Rf1
Qf7 28. Rce1 g6 29. h5 gxh5 30. f5 exf5 31. e6 Qg7 32. Kh2 f4 33. gxf4 Nxf4 34.
Qg3 Qxg3+ 35. Kxg3 h4+ 36. Kh2 Ng6 37. Rxf8+ Kxf8 38. Rc1 Ke7 39. Rxc7+ Kxe6
40. Rc6+ Kd5 41. Rxb6 Kxd4 42. Ra6 Nf4 43. Rxa5 Nd3 44. Rb5 Kc4 45. Rb8 Ne5 46.
Kh3 Nd7 47. Rb4+ Kc5 48. Kxh4 1-0